000 00734nam a2200205Ia 4500
005 20260121110057.0
008 008 260114s9999 xx 000 0 hin d
020 _a9788132350941
037 _aEBOOK
040 _aCRL
_bhin
_cCRL
041 _ahin
_2hin
084 _qCRL
100 _aजगदीश मिश्र / Jagdish Mishra
_9941753
245 0 _aक्वाण्टम रसायन एवं रासायनिक गतिकी विज्ञान / Quantum Rasayan aur Rasayanik Gatik Vigyan
260 _bभाषा प्रकाशन / Bhasha Prakashan
_c2020
856 _uhttps://bhashaprakashan.com/product-details/378434
942 _cEBOOK
999 _c1533418
_d1533418